Countries by Borders - Statistics

General Stats
  • This quiz has been taken 17 times
    7 since last reset
  • The average score is 88 of 157
Answer Stats
Bordering Countries Country % Correct
Iran, Pakistan, Turkmenistan, Tajikistan, Uzbekistan Afghanistan
100%
Tunisia, Morocco, Libya, Mali, Mauritania, Niger Algeria
100%
Azerbaijan, Iran, Turkey, Georgia Armenia
100%
Slovenia, Slovakia, Hungary, Switzerland,Liechtenstein, Italy, Czechia, Germany Austria
100%
Croatia, Serbia, Montenegro Bosnia and Herzegovina
100%
France, Guyana, Suriname, Colombia, Venezuela, Peru, Bolivia, Paraguay, Uruguay, Argentina Brazil
100%
Greece, Turkey, Romania, North Macedonia, Serbia Bulgaria
100%
Mongolia, Russia, Kazakhstan, Kyrgyzstan, Tajikistan, Afghanistan,Pakistan, India, Bhutan, Nepal, Myanmar, Laos, Vietnam, China
100%
Germany, Poland, Slovakia, Austria Czech Republic
100%
Germany Denmark
100%
Colombia, Peru Ecuador
100%
Latvia, Russia Estonia
100%
Netherlands, Brazil, Suriname, Luxembourg, Belgium,Germany, Switzerland, Spain, Andorra, Italy, Monaco France
100%
Azerbaijan, Armenia, Russia, Turkey Georgia
100%
Bulgaria, Turkey, North Macedonia, Albania Greece
100%
Dominican Republic Haiti
100%
Iraq, Turkey, Armenia, Azerbaijan, Pakistan, Afghanistan, Turkmenistan Iran
100%
Egypt, Jordan, Syria, Lebanon Israel
100%
Saudi Arabia, Syria, Israel, Iraq Jordan
100%
Iraq, Iran, Saudi Arabia Kuwait
100%
China, Vietnam, Cambodia, Thailand, Myanmar Laos
100%
Lithuania, Estonia, Belarus, Russia Latvia
100%
Israel, Syria Lebanon
100%
South Africa Lesotho
100%
Tunisia, Algeria, Egypt, Chad, Niger, Sudan Libya
100%
Albania, Serbia, Bosnia and Herzegovina, Croatia Montenegro
100%
India, China Nepal
100%
Honduras, Costa Rica Nicaragua
100%
Yemen, Saudi Arabia, United Arab Emirates Oman
100%
India, Afghanistan, China, Iran Pakistan
100%
Brazil, Bolivia, Argentina Paraguay
100%
Spain Portugal
100%
Yemen, Oman, United Arab Emirates, Qatar, Kuwait, Iraq, Jordan Saudi Arabia
100%
Liechtenstein, Germany, Austria, Italy, France Switzerland
100%
Lebanon, Jordan, Israel, Iraq, Turkey Syria
100%
Iran, Afghanistan, Uzbekistan, Kazakhstan Turkmenistan
100%
Ireland United Kingdom
100%
Canada, Mexico United States of America
100%
Turkmenistan, Tajikistan, Kazakhstan, Afghanistan, Kyrgyzstan, Uzbekistan
100%
India, Myanmar Bangladesh
75%
USA Canada
75%
Central African Republic, Cameroon, Niger, Nigeria, Sudan, Libya Chad
75%
Djibouti, Ethiopia, Sudan Eritrea
75%
Mozambique, South Africa Eswatini
75%
Kuwait, Jordan, Syria, Iran, Turkey, Saudi Arabia Iraq
75%
United Kingdom Ireland
75%
Switzerland, Austria Liechtenstein
75%
Romania, Ukraine Moldova
75%
Algeria, Mauritania Morocco
75%
Zambia, Zimbabwe, Botswana, Angola, South Africa, Namibia
75%
Russia, China, South Korea North Korea
75%
Russia, Lithuania, Belarus, Germany, Czechia, Slovakia,Ukraine Poland
75%
Saudi Arabia Qatar
75%
DRC, Gabon, Angola, Central African Republic, Cameroon Republic of the Congo
75%
Ukraine, Poland, Czechia, Hungary, Austria Slovakia
75%
Austria, Italy, Hungary, Croatia Slovenia
75%
Central African Republic, Sudan, Ethiopia, Kenya, DRC, Uganda South Sudan
75%
Portugal, Andorra, France Spain
75%
Myanmar, Cambodia, Malaysia, Laos Thailand
75%
Argentina, Brazil Uruguay
75%
Colombia, Brazil, Guyana Venezuela
75%
Spain, France Andorra
50%
DRC, Zambia, Namibia, R. Congo Angola
50%
Iran, Georgia, Armenia, Russia Azerbaijan
50%
Guatemala, Mexico Belize
50%
Nigeria, Niger, Togo, Burkina Faso Benin
50%
India, China Bhutan
50%
Peru, Brazil, Chile, Paraguay, Argentina Bolivia
50%
South Africa, Namibia, Zimbabwe Botswana
50%
Malaysia Brunei
50%
Niger, Mali, Ivory Coast, Ghana, Togo, Benin Burkina Faso
50%
Thailand, Laos, Vietnam Cambodia
50%
R Congo, Gabon Equatorial Guinea, Nigeria, Central African Republic,Chad Cameroon
50%
DRC, R. Congo, South Sudan, Sudan, Chad, Cameroon Central African Republic
50%
Panama, Venezuela, Brazil, Ecuador, Peru Colombia
50%
Nicaragua, Panama Costa Rica
50%
Slovenia, Bosnia and Herzegovina, Hungary, Serbia,Montenegro Croatia
50%
Turkey (Northern Cyprus) Cyprus
50%
Eritrea, Somalia, Ethiopia Djibouti
50%
Haiti Dominican Republic
50%
Indonesia East Timor
50%
Libya, Sudan, Israel Egypt
50%
Eritrea, Sudan, South Sudan, Djibouti, Somalia, Kenya Ethiopia
50%
Russia, Sweden Finland
50%
Senegal Gambia
50%
Togo, Ivory Coast, Burkina Faso Ghana
50%
Mexico, Belize, El Salvador, Honduras Guatemala
50%
Ivory Coast, Sierra Leone, Liberia, Guinea-Bissau, Senegal, Mali Guinea
50%
Guinea, Senegal Guinea-BIssau
50%
Venezuela, Brazil, Suriname Guyana
50%
Guatemala, El Salvador, Nicaragua Honduras
50%
South Sudan, Ethiopia, Somalia, Tanzania, South Sudan, Uganda Kenya
50%
China, Tajikistan, Uzbekistan, Kazakhstan Kyrgyzstan
50%
Guinea, Sierra Leone, Ivory Coast Liberia
50%
Russia, Belarus, Poland, Latvia Lithuania
50%
Mozambique, Tanzania, Zambia Malawi
50%
Mali, Morocco, Algeria, Senegal Mauritania
50%
China, India, Bangladesh Myanmar
50%
France, Germany, Belgium Netherlands
50%
Niger, Benin, Cameroon, Chad Nigeria
50%
Sweden, Finland, Russia Norway
50%
Costa Rica, Colombia Panama
50%
Indonesia Papua New Guinea
50%
Moldova, Ukraine, Hungary, Bulgaria, Serbia Romania
50%
Burundi, Tanzania, DRC, Uganda Rwanda
50%
Italy San Marino
50%
Gambia, Guinea, Guinea-Bissau, Mali, Mauritania Senegal
50%
Malaysia Singapore
50%
Libya, Egypt, Chad, South Sudan, Ethiopia, Eritrea, Central African Republic Sudan
50%
Guyana, Brazil, France Suriname
50%
Norway, Finland Sweden
50%
Benin, Ghana, Burkina Faso Togo
50%
Rwanda, Tanzania, Kenya, DRC, South Sudan Uganda
50%
Moldova, Romania, Russia, Poland, Slovakia, Hungary,Belarus Ukraine
50%
Laos, Cambodia, China Vietnam
50%
Saudi Arabia, Oman Yemen
50%
Brazil, Uruguay, Paraguay, Chile, Bolivia Argentina
25%
Netherlands, France, Luxembourg Belgium
25%
Rwanda, DRC, Tanzania Burundi
25%
Bolivia, Peru, Argentina Chile
25%
Gabon, Cameroon Equatorial Guinea
25%
R. Congo, Cameroon, Equatorial Guinea Gabon
25%
Ukraine, Slovakia, Austria, Czechia, Slovenia, Croatia, Serbia, Romania Hungary
25%
Myanmar, Bangladesh, Nepal, China, Bhutan Pakistan India
25%
Mali, Liberia, Guinea, Ghana, Burkina Faso Ivory Coast
25%
Belgium, Germany, France Luxembourg
25%
Indonesia, Singapore, Thailand, Brunei Malaysia
25%
France Monaco
25%
Greece, Bulgaria, Albania, Serbia North Macedonia
25%
Croatia, Bosnia and Herzegovina, Hungary, Romania,Bulgaria, North Macedonia, Albania, Montenegro Serbia
25%
Liberia, Ivory Coast Sierra Leone
25%
Lesotho, Eswatini, Namibia, Botswana, Zimbabwe, Mozambique South Africa
25%
North Korea South Korea
25%
Afghanistan, China, Uzbekistan, Kyrgyzstan Tajikistan
25%
Italy Vatican City
25%
Greece, North Macedonia, Serbia, Montenegro Albania
0%
Ukraine, Poland, Russia, Lithuania, Latvia Belarus
0%
Angola, Zambia, Rwanda, Burundi, Uganda, South Sudan,Central African Republic Democratic Republic of the Congo
0%
Guatemala, Honduras El Salvador
0%
Denmark, Belgium, Netherlands, Luxembourg, Czechia,Switzerland, Austria, Poland Germany
0%
East Timor, Papua New Guinea, Malaysia Indonesia
0%
Slovenia, Austria, Switzerland, France Italy
0%
Russia, China, Kyrgyzstan, Uzbekistan Kazakhstan
0%
Mauritania, Algeria, Niger, Burkina Faso, Ivory Coast, Senegal, Guinea Mali
0%
USA, Belize, Guatemala Mexico
0%
Russia, China Mongolia
0%
Eswatini, South Africa, Tanzania, Malawi, Zambia, Zimbabwe, Mozambique
0%
Mali, Egypt, Libya, Chad, Nigeria, Burkina Faso, Benin Niger
0%
Colombia, Ecuador, Brazil, Bolivia, Chile Peru
0%
Belarus, Estonia, Latvia, Lithuania, Ukraine, Poland, FinlandNorway, Azerbaijan, Georgia, Kazakhstan, Mongolia, China, North Korea Russia
0%
Djibouti, Ethiopia, Kenya Somalia
0%
Kenya, Mozambique, Malawi, Zambia, Burundi, Rwanda, Uganda, Tanzania
0%
Algeria, Libya Tunisia
0%
Greece, Bulgaria, Armenia, Georgia, Iran, Iraq, Syria Turkey
0%
Oman, Saudi Arabia United Arab Emirates
0%
DRC, Angola, Namibia, Zimbabwe, Malawi, Mozambique, Tanzania Zambia
0%
South Africa, Zambia, Botswana, Namibia, Mozambique Zimbabwe
0%
No matching quizzes found
Score Distribution
Percent of People with Each Score
Percentile by Number Answered
Your Score History
You have not taken this quiz since the last reset